000 00633nam a22001937a 4500
999 _c168415
_d168415
005 20191007152619.0
010 _aENG-126611
020 _a9789353285722
_c525.00
035 _aEN-110143
037 _bDBAD/PUB
082 _a519.3
100 _aPrasad, Rohit
245 _aGame mantra :
_cby Rohit Prasad
_brescuing game theory from the game theorists /
260 _aNew Delhi
_bSAGE Publications
_c2019
270 _aB1/1-1, Mohan Cooperative Industrial Area
_bMathura Road, New Delhi
_e110044
_mwww.sagepub.in
300 _axii,281p.
_c22cm(pbk)
500 _aIncludes index
942 _2ddc
_cEN
_h519.3
_mPRA